Anagrammes villes françaises Série 05 - Statistiques

Statistiques générales
  • Ce quiz a été pris 147 fois
  • Le résultat moyen est 4 sur 10
Statistiques - réponses
Anagramme Ville % Correct
véreux Evreux
87%
semant Mantes
71%
grésas Grasse
65%
navrés Sevran
64%
latence Talence
50%
écangs Cagnes
46%
tisser Istres
19%
sacrets Castres
17%
bricole Corbeil
9%
senseurs Suresnes
8%
Aucun quiz correspondant
Distribution des résultats
% des personnes avec chaque résultat
Percentile par nombre de réponses
Votre historique - résultats
Vous n’avez pas pris ce quiz